Approximation algorithms for NP-hard problems /

Guardado en:
Otros Autores: Hochbaum, Dorit S.
Formato: Libro
Idioma:English
Publicado: Boston : PWS Pub. Co., c1997.
Materias:
Etiquetas: Agregar Etiqueta
Sin Etiquetas, Sea el primero en etiquetar este registro!
LEADER 00751pam a2200229 a 4500
001 DCC.dcic000983
008 950717s1997####maua#####b####001#0#eng##
005 20151130123748.0
245 0 0 |a Approximation algorithms for NP-hard problems /  |c edited by Dorit S. Hochbaum. 
260 |a Boston :  |b PWS Pub. Co.,  |c c1997. 
300 |a xxii, 596 p. :  |b il. ;  |c 24 cm. 
504 |a Incluye referencias bibliográficas e índice. 
020 |a 0534949681 (hardcover : acid-free paper) 
700 1 |a Hochbaum, Dorit S. 
082 0 0 |a 511/.42  |2 20 
650 0 |a Programming (Mathematics) 
650 0 |a Approximation theory. 
650 0 |a Algorithms. 
010 |a  95031849  
040 |a DLC  |c DLC  |d DLC 
050 0 0 |a T57.7  |b .A68 1997 
859 |a DCIC  |b BIB. COMPUTACION  |p 1705